000 00977nam a22001817a 4500
999 _c64044
_d64044
003 Ge_BSU
005 20260316114438.0
008 260316s1951 ge ||||| |||| 00| 0 geo d
041 _ageo
080 _a911.3:33(072) ლ-81
100 _aლომინაძე, მ.
_927137
245 _aეკონომიური გეოგრაფიის სწავლების საკითხები /
_c მ. ლომინაძე; საქართველოს სსრ განათლების სამინისტროს პედაგოგ. მეცნ. ინ-ტი.
264 _aთბ. :
_bინ-ტის გამ-ბა,
_c1951.
300 _a71 გვ. :
_bნახაზ. ;
_c21 სმ.
504 _aბიბლიოგრ. შენიშვნებში.
653 _aეკონომიური გეოგრაფიის სწავლების მეთოდიკა.
942 _2udc
_cᲬᲘᲒᲜᲘ